| Tag |
First Indicator |
Second Indicator |
Subfields |
| LEADER |
00000cam a2200000Ia 4500 |
| 001 |
in00003607072 |
| 005 |
20170928112110.0 |
| 008 |
160304s1920 txu s000 0 eng d |
| 035 |
|
|
|a (OCoLC)ocn943210550
|
| 035 |
|
|
|a (OCoLC)943210550
|
| 040 |
|
|
|a TXA
|c TXA
|d UtOrBLW
|
| 043 |
|
|
|a n-us---
|
| 049 |
|
|
|a TXAM
|
| 086 |
|
|
|a Z TA245.7 B874 no. B-57
|2 txdocs
|
| 090 |
|
|
|a S544.3.T4
|b T22 no. B-57
|
| 245 |
0 |
0 |
|a Record book for secretary of boys' and girls' community agricultural clubs.
|
| 264 |
|
1 |
|a College Staiton, Texas :
|b Agricultural and Mechanical College of Texas, Extension Service,
|c 1920.
|
| 300 |
|
|
|a 16 pages.
|
| 336 |
|
|
|a text
|b txt
|2 rdacontent
|
| 337 |
|
|
|a unmediated
|b n
|2 rdamedia
|
| 338 |
|
|
|a volume
|b nc
|2 rdacarrier
|
| 490 |
1 |
|
|a [Bulletin] / Extension Service ;
|v B-57
|
| 500 |
|
|
|a Cover title.
|
| 500 |
|
|
|a "December 1920."
|
| 500 |
|
|
|a In cooperation with the United States Department of Agriculture.
|
| 500 |
|
|
|a "This book is really a form for the use of the secretaries of Boys' and Girls' organizations in making their yearly report to the County and Home Demonstration Agents ..."
|
| 650 |
|
0 |
|a 4-H clubs
|x Records and correspondence.
|
| 650 |
|
0 |
|a Agricultural education
|x Societies, etc.
|v Records and correspondence.
|
| 650 |
|
3 |
|a 4-H clubs.
|
| 650 |
|
3 |
|a youth organizations.
|
| 653 |
|
|
|a meeting minutes
|a records
|a attendance
|
| 710 |
2 |
|
|a Agricultural and Mechanical College of Texas.
|b Extension Service,
|e issuing body.
|0 http://id.loc.gov/authorities/names/no2009065583
|
| 710 |
1 |
|
|a United States.
|b Department of Agriculture,
|e issuing body.
|0 http://id.loc.gov/authorities/names/n79008243
|
| 830 |
|
0 |
|a Bulletin (Agricultural and Mechanical College of Texas. Extension Service) ;
|v B-57.
|0 http://id.loc.gov/authorities/names/no2009065673
|
| 856 |
4 |
1 |
|z Available online via OAK Trust Repository
|u http://oaktrust.library.tamu.edu/handle/1969.1/156007
|t 0
|
| 994 |
|
|
|a C0
|b TXA
|
| 999 |
f |
f |
|s c5dc11a3-a6be-303b-9ef2-9898a033c4e1
|i f3cf5c99-5512-394e-be39-2cc44039bdaa
|t 0
|
| 952 |
f |
f |
|a Texas A&M University
|b College Station
|c Sterling C. Evans Library
|d Evans: Library Stacks
|t 0
|e S544.3.T4 T22 no. B-57
|h Library of Congress classification
|
| 998 |
f |
f |
|a S544.3.T4 T22 no. B-57
|t 0
|l Evans: Library Stacks
|